[Event "Sportaccord WMG Rapid w"]
[Site "Beijing CHN"]
[Date "2011.12.10"]
[Round "4"]
[White "Dzagnidze,N"]
[Black "Hou Yifan"]
[Result "1/2-1/2"]
[WhiteElo "2516"]
[BlackElo "2578"]

1.d4 e6 2.c4 Nf6 3.Bg5 h6 4.Bh4 Bb4+ 5.Nc3 c5 6.d5 d6 7.Qc2 exd5 8.cxd5 Nbd7
9.Nf3 O-O 10.Nd2 Qe7 11.Rd1 Nb6 12.e3 Bg4 13.Bxf6 Bxd1 14.Bxe7 Bxc2 15.Bxf8 Rxf8
16.Bc4 Nxc4 17.Nxc4 Be4 18.Nxd6 Bxd5 19.O-O Bxc3 20.bxc3 Rd8 21.e4 Rxd6 22.Rd1 Kf8
23.exd5 Ra6 24.Kf1 Ke7 25.Rd2 Ra3 26.c4 Rc3 27.Re2+ Kd6 28.Re4 Rc1+ 29.Ke2 Rc2+
30.Ke3 Rxa2 31.Re8 Rc2 32.Rd8+ Ke7 33.Rb8 Rc3+ 34.Kd2 Rxc4 35.Rxb7+ Kf6 36.Rxa7 Rd4+
37.Ke3 Rxd5 38.Rc7 h5 39.h4 g6 40.g3 Re5+ 41.Kf4 Rf5+ 42.Ke3 Ke6 43.f4 Kd6
44.Ra7 Kd5 45.Kd3 Rf6 46.Rc7 Ra6 47.Rxf7 c4+ 48.Ke2 Re6+ 49.Kd2 Ke4 50.Kc3 Rc6
51.Rf8 Kf3 52.f5 Kxg3 53.Rg8 Kxh4 54.Rxg6 Rc5 55.f6 Kh3 56.f7 Rf5 57.Rg5 Rxf7
58.Rxh5+  1/2-1/2

[Event "Sportaccord WMG Rapid w"]
[Site "Beijing CHN"]
[Date "2011.12.11"]
[Round "5"]
[White "Hou Yifan"]
[Black "Ju Wenjun"]
[Result "1/2-1/2"]
[WhiteElo "2578"]
[BlackElo "2543"]

1.e4 c5 2.Nf3 d6 3.d4 cxd4 4.Nxd4 Nf6 5.Nc3 a6 6.f4 g6 7.Nf3 Bg7 8.e5 Nfd7
9.exd6 O-O 10.Be2 Re8 11.O-O Qb6+ 12.Kh1 Qxd6 13.Be3 Nc6 14.Qe1 Nf6 15.Rd1 Qc7
16.Ng5 Bf5 17.Bc4 e6 18.Bb3 Na5 19.Bd4 Nxb3 20.cxb3 h6 21.Nf3 Rad8 22.Qh4 Ng4
23.h3 Bxd4 24.hxg4 Bxc3 25.gxf5 Rxd1 26.Rxd1 Bg7 27.fxg6 fxg6 28.Ne5 Bxe5
29.fxe5 Kg7 30.Qf6+ Kh7 31.Rf1 Qg7 32.Qf4 Kg8 33.Qg4 h5 34.Qg5 Rf8 35.Rxf8+ Kxf8
36.Qd8+ Kf7 37.Qd7+ Kg8 38.Qc8+ Qf8 39.Qxe6+ Qf7 40.Qc8+ Kg7 41.Qc3 Qf1+
42.Kh2 Qf4+ 43.Kg1 Qe4 44.e6+ Kh6 45.Qf6 Qe1+ 46.Kh2 h4 47.Qf4+ Kg7 48.Qd4+ Kh6
49.Qd6 Kg7 50.Qc7+ Kh6 51.e7 Kh5 52.Qd6 g5 53.Qc7 Qe3 54.b4 Qe1 55.a4 Qe3
56.b5 axb5 57.axb5 g4 58.e8=Q+ Qxe8 59.Qh7+ Kg5 60.Qg7+ Qg6 61.Qe5+ Qf5 62.Qg7+ Kf4
63.Qh6+ Qg5 64.Qf8+ Ke3 65.Qe8+ Kd2 66.Qd7+ Kc2 67.Qxb7 Qe5+ 68.Kg1 Qe3+
69.Kh2 Qf4+ 70.Kg1 Qe3+ 71.Kh2 Qf4+ 72.Kg1 Qe3+ 73.Kh2  1/2-1/2

[Event "Sportaccord WMG Rapid w"]
[Site "Beijing CHN"]
[Date "2011.12.11"]
[Round "7"]
[White "Hou Yifan"]
[Black "Paehtz,E"]
[Result "1-0"]
[WhiteElo "2578"]
[BlackElo "2457"]

1.e4 e6 2.d4 d5 3.Nc3 h6 4.Nf3 Nf6 5.Bd3 Bb4 6.e5 Nfd7 7.a3 Be7 8.Ne2 c5
9.c3 Nc6 10.O-O a5 11.Nf4 Qb6 12.Bc2 cxd4 13.cxd4 g5 14.Ne2 g4 15.Ne1 h5
16.Be3 Nf8 17.Nd3 Ng6 18.Rb1 Bd7 19.b4 axb4 20.axb4 Na7 21.Nc5 Bb5 22.Ra1 Nh4
23.Re1 Rc8 24.Nc3 Nc6 25.Nxb5 Qxb5 26.Bd3 Qb6 27.Rb1 Kd8 28.Qd2 Rg8 29.Rec1 Ra8
30.b5 Na5 31.Na4 Qa7 32.b6 Qb8 33.Rc7 Nc6 34.Nc5 Bxc5 35.dxc5 Ng6 36.Bg5+ Ke8
37.Bxg6 Rxg6 38.Qf4 Rg7 39.Qf6 Rh7 40.Rxc6  1-0

[Event "FIDE Women's World Teams"]
[Site "Mardin TUR"]
[Date "2011.12.25"]
[Round "7"]
[White "Dzagnidze,N"]
[Black "Hou Yifan"]
[Result "1/2-1/2"]
[WhiteElo "2516"]
[BlackElo "2578"]

1.d4 e6 2.c4 Nf6 3.Nc3 Bb4 4.e3 O-O 5.Ne2 d5 6.a3 Be7 7.cxd5 exd5 8.g3 c6
9.Bg2 Na6 10.O-O Nc7 11.Qc2 Re8 12.Bd2 Bf8 13.b4 a6 14.f3 Nb5 15.Qd3 Be6
16.Nf4 Qd7 17.Nxe6 Qxe6 18.Na4 Rad8 19.Nc5 Qc8 20.a4 Nd6 21.Rae1 b6 22.Nxa6 Nc4
23.b5 cxb5 24.axb5 Qd7 25.Rf2 Rc8 26.Qb3 g6 27.Bf1 Bh6 28.Kg2 Re6 29.Bc1 Qe8
30.Rfe2 Nd6 31.Rc2 Rxc2+ 32.Qxc2 Nf5 33.Nc7 Qc8 34.Bd3 Re7 35.Qc6 Rxc7 36.Qxf6 Bg7
37.Qxb6 Rxc1 38.Bxf5 gxf5 39.Rxc1 Qxc1 40.Qd8+ Bf8 41.Qg5+ Bg7 42.Qd8+ Bf8
43.Qg5+ Bg7 44.Qd8+  1/2-1/2

[Event "FIDE Women's World Teams"]
[Site "Mardin TUR"]
[Date "2011.12.27"]
[Round "9"]
[White "Hou Yifan"]
[Black "Koneru,H"]
[Result "1/2-1/2"]
[WhiteElo "2578"]
[BlackElo "2600"]

1.e4 e5 2.Nf3 Nf6 3.Nxe5 d6 4.Nf3 Nxe4 5.Nc3 Nxc3 6.dxc3 Be7 7.Be3 Nc6 8.Qd2 Ne5
9.O-O-O Nxf3 10.gxf3 Be6 11.Rg1 g6 12.Bd4 Rg8 13.c4 c5 14.Bc3 Qc7 15.Qh6 O-O-O
16.Qxh7 Kb8 17.Bd3 d5 18.cxd5 Bxd5 19.Rde1 Bf6 20.Bxf6 Qf4+ 21.Re3 Qxf6 22.Qh3 Bxa2
23.Qg3+ Ka8 24.Qc7 Bd5 25.Qxc5 Bxf3 26.Qe7 Qxe7 27.Rxe7 Bd5 28.Rge1 Rh8 29.c4 Bc6
30.Be4 Bxe4 31.R1xe4 f5 32.R4e6 Rc8 33.Rxg6 Rxc4+  1/2-1/2

[Event "Gibraltar Open"]
[Site "Caleta ENG"]
[Date "2012.01.24"]
[Round "1.25"]
[White "Hou Yifan"]
[Black "Schiendorfer,E"]
[Result "1-0"]
[WhiteElo "2605"]
[BlackElo "2354"]

1.e4 c5 2.Nf3 d6 3.d4 cxd4 4.Qxd4 Nc6 5.Bb5 Bd7 6.Bxc6 Bxc6 7.Nc3 Nf6 8.Bg5 e6
9.O-O-O Be7 10.Qd3 O-O 11.Nd4 Rc8 12.f4 Re8 13.h4 Ng4 14.Qe2 h5 15.e5 d5
16.Rd3 Qa5 17.Bxe7 Rxe7 18.Kb1 Be8 19.Qd2 Qb6 20.Re1 Rec7 21.f5 Rc4 22.f6 g6
23.Nd1 Kh7 24.c3 Qc7 25.Nf3 Bb5 26.Ne3 Nxe3 27.Rdxe3 Rg4 28.Qf2 Qa5 29.Rd1 Bc4
30.b3 Qb6 31.Nd4 a5 32.Rg3 Be2 33.Rd2 Rxg3 34.Qxg3 Bg4 35.a4 Qc5 36.Kb2 Qf8
37.Qd3 Qh6 38.Rf2 Rc5 39.g3 Bf5 40.Qf3 Bg4 41.Qd3 Qf8 42.Nb5 Rc6 43.Nd6 Rxd6
44.exd6 Qxd6 45.Rd2 Qe5 46.Qd4 Qe1 47.Qf2 Qxf2 48.Rxf2 g5 49.hxg5 Kg6 50.b4 Bd1
51.bxa5 Bxa4 52.Ka3 Bb5 53.Kb4 Ba6 54.Kc5 Kxg5 55.Kd6 Bb5 56.Rf4 Ba6 57.Ke5 Bb5
58.Rb4 Ba6 59.Rb6 Kg6 60.Rd6 Bb5 61.Rd8 Kh7 62.Rf8 Kg6 63.Rg8+ Kh6 64.Rb8 Ba6
65.Rf8  1-0

[Event "Gibraltar Open"]
[Site "Caleta ENG"]
[Date "2012.01.25"]
[Round "2.21"]
[White "Hunt,A"]
[Black "Hou Yifan"]
[Result "0-1"]
[WhiteElo "2462"]
[BlackElo "2605"]

1.e4 c5 2.Nf3 d6 3.d4 cxd4 4.Nxd4 Nf6 5.Nc3 e6 6.g4 Nc6 7.g5 Nd7 8.Be3 Be7
9.h4 a6 10.Qe2 Qc7 11.Bh3 Nc5 12.O-O-O Nxd4 13.Bxd4 O-O 14.Rdg1 b5 15.Bf5 exf5
16.Nd5 Qb7 17.Qh5 Ne6 18.Nf6+ Bxf6 19.gxf6 g6 20.f3 Kh8 21.Qh6 Rg8 22.h5 g5
23.Be3 f4 24.Bxf4 Nxf4 25.Rxg5 Rxg5 26.Qxg5 Ne6 27.Qg2 Bd7 28.Rg1 Qb6  0-1

[Event "Gibraltar Open"]
[Site "Caleta ENG"]
[Date "2012.01.27"]
[Round "4.1"]
[White "Hou Yifan"]
[Black "Adams,Mi"]
[Result "1/2-1/2"]
[WhiteElo "2605"]
[BlackElo "2724"]

1.e4 e5 2.Nf3 Nc6 3.Bb5 a6 4.Ba4 Nf6 5.O-O Be7 6.Re1 b5 7.Bb3 O-O 8.c3 d5
9.exd5 Nxd5 10.Nxe5 Nxe5 11.Rxe5 c6 12.d4 Bd6 13.Re1 Qh4 14.g3 Qh3 15.Qe2 Bg4
16.Qf1 Qh5 17.Nd2 Rae8 18.f3 Rxe1 19.Qxe1 Bxf3 20.Nxf3 Qxf3 21.Bd2 Qg4 22.Qd1 Qd7
23.Qf3 Re8 24.Re1 Rxe1+ 25.Bxe1 Bf8 26.a4 Nb6 27.axb5 axb5 28.Bf2 g6 29.Qe4 Nd5
30.Kg2 h5 31.Bd1 Nf6  1/2-1/2

[Event "Gibraltar Open"]
[Site "Caleta ENG"]
[Date "2012.01.29"]
[Round "6.18"]
[White "Muzychuk,M"]
[Black "Hou Yifan"]
[Result "0-1"]
[WhiteElo "2483"]
[BlackElo "2605"]

1.e4 c5 2.Nf3 d6 3.d4 cxd4 4.Qxd4 Nc6 5.Bb5 Bd7 6.Bxc6 Bxc6 7.Nc3 e5 8.Qd3 h6
9.Nd2 Nf6 10.Nc4 b5 11.Ne3 Qb6 12.Ncd5 Nxd5 13.Nxd5 Qb7 14.Be3 Bxd5 15.exd5 Be7
16.O-O-O Rc8 17.f4 O-O 18.f5 Rc4 19.b3 e4 20.Qe2 Rc7 21.Kb1 Rfc8 22.Rhf1 Qa6
23.Rf2 Qa5 24.Bd4 Rxc2 25.Qxc2 Rxc2 26.Rxc2 b4 27.Be3 Qb5 28.Rc4 Bf6 29.Bf4 Qb6
30.Rd2 Bc3 31.Re2 Qg1+ 32.Kc2 Qa1 33.Rexe4 Qxa2+ 34.Kd3 Qxb3 35.Ke2 Qc2+
36.Kf3 Qd1+ 37.Kf2 Qxd5 38.g4 Kh7 39.Ke2 b3  0-1

[Event "12th BCC Open"]
[Site "Bangkok THA"]
[Date "2012.04.14"]
[Round "3"]
[White "Ghane,S"]
[Black "Hou Yifan"]
[Result "0-1"]
[WhiteElo "2339"]
[BlackElo "2639"]

1.d4 Nf6 2.c4 e6 3.Nc3 Bb4 4.Qc2 O-O 5.a3 Bxc3+ 6.Qxc3 Qe8 7.Nf3 b6 8.e3 Bb7
9.Be2 d6 10.O-O Nbd7 11.b3 Ne4 12.Qc2 f5 13.Ne1 Rf6 14.f3 Ng5 15.e4 f4 16.Nd3 e5
17.d5 Qh5 18.Nf2 Rg6 19.Qd3 Nf6 20.Rd1 Bc8 21.Ra2 Rh6 22.h3 Bxh3 23.gxh3 Nxh3+
24.Nxh3 Qxh3 25.Bf1 Qh1+ 26.Kf2 Rh2+ 27.Ke1 Rxa2  0-1

[Event "12th BCC Open"]
[Site "Bangkok THA"]
[Date "2012.04.15"]
[Round "4"]
[White "Hou Yifan"]
[Black "Nguyen Duc Hoa"]
[Result "1/2-1/2"]
[WhiteElo "2639"]
[BlackElo "2453"]

1.e4 c5 2.Nf3 d6 3.d4 cxd4 4.Nxd4 Nf6 5.Nc3 g6 6.Be3 Bg7 7.f3 Nc6 8.Qd2 O-O
9.g4 Be6 10.Nxe6 fxe6 11.O-O-O Ne5 12.Be2 Qa5 13.Kb1 Rac8 14.Nb5 Qxd2 15.Rxd2 Nc4
16.Bxc4 Rxc4 17.b3 Rb4 18.Nd4 Nd7 19.a3 Bxd4 20.Bxd4 Rb5 21.Rf1 Ra5 22.Kb2 Ra6
23.h4 e5 24.Be3 Nf6 25.Rdf2 Rc6 26.Rg1 Kf7 27.c4 Ke6 28.Rh2 a6 29.a4 Rcc8
30.Rg3 Rg8 31.Bg5 Nd7 32.h5 h6 33.Be3 g5 34.a5 Nf8 35.Rd2 Kd7 36.Kc2 Ne6
37.Kd1 Rgf8 38.Ke2 Rf7 39.Bb6 Rcf8 40.Kf2 Rc8 41.Ke3 Rcf8 42.Rh3 Rf6 43.b4 Rc8
44.Rc2 Rf7 45.Rg3 Rf6 46.Rc3 Nf4 47.Kd2 Ne6 48.Rg1 Nd4 49.Rf1 Rcf8 50.Bxd4 exd4
51.Rb3 e5 52.Ke2 Rc8 53.Rc1 Ke6 54.Rc2 Rf7 55.Rc1 Rfc7 56.Kd3 Rf7 57.Ke2 Rfc7
58.Kd3 Rf7 59.Ke2 Rfc7  1/2-1/2

[Event "12th BCC Open"]
[Site "Bangkok THA"]
[Date "2012.04.16"]
[Round "6"]
[White "Hou Yifan"]
[Black "Voigt,Ma"]
[Result "1-0"]
[WhiteElo "2639"]
[BlackElo "2364"]

1.e4 c6 2.d4 d5 3.Nc3 dxe4 4.Nxe4 Bf5 5.Ng3 Bg6 6.Nh3 e6 7.Nf4 Bd6 8.c3 Nf6
9.h4 Qc7 10.Qf3 Nbd7 11.h5 Bc2 12.h6 gxh6 13.Bd3 Bxd3 14.Nxd3 Bxg3 15.fxg3 Rg8
16.Bf4 Qa5 17.O-O Qh5 18.Bc7 Qxf3 19.Rxf3 Ne4 20.Re1 f5 21.c4 Ndf6 22.Be5 Ng4
23.d5 O-O-O 24.dxc6 Rxd3 25.cxb7+ Kxb7 26.Rxd3 Nxe5 27.Rb3+ Kc6 28.Ra3 Kb6
29.c5+ Kb7 30.b4 a6 31.Rb3 h5 32.a4 Nc6 33.Rd1 Kc7 34.b5 axb5 35.axb5 Ne5
36.Rc1 Nxg3 37.Ra1 Ne2+ 38.Kf1 Nd4 39.Rb4 Rg4 40.g3 Nc2 41.Rxg4 hxg4 42.Ra7+ Kb8
43.Rxh7 Nd4 44.Re7 Kc8 45.b6 Nec6 46.Rc7+ Kb8 47.Kf2 e5 48.Ke3 Nb4 49.Rf7 Nd5+
50.Kd3 Nb4+ 51.Kc4 Nbc6 52.Kd5 e4 53.Rf8+ Kb7 54.Rf7+ Ka6 55.b7 Ka7 56.Rc7 e3
57.Rxc6 Nc2 58.Rb6 Kb8 59.c6  1-0

[Event "TCh-CHN 2012"]
[Site "Beijing CHN"]
[Date "2012.04.29"]
[Round "2"]
[White "Hou Yifan"]
[Black "Zhou Jianchao"]
[Result "1/2-1/2"]
[WhiteElo "2639"]
[BlackElo "2625"]

1.e4 e5 2.Nf3 Nc6 3.Bc4 Bc5 4.O-O d6 5.c3 Nf6 6.d3 O-O 7.Bb3 Bb6 8.h3 Ne7
9.Nbd2 Ng6 10.Nc4 c6 11.Nxb6 axb6 12.Re1 b5 13.a4 h6 14.Be3 bxa4 15.Rxa4 Rxa4
16.Bxa4 d5 17.Bc2 Re8 18.Qb1 Be6 19.d4 exd4 20.Bxd4 Nxe4 21.Bxe4 dxe4 22.Qxe4 Bd7
23.Qb1 Rxe1+ 24.Qxe1 Be6 25.Qe4 Bd5 26.Qg4 Bxf3 27.Qxf3 Nf8 28.Qg4 Ne6 29.Be3 Kh7
30.Qf5+ Kg8 31.Qg4 Kh7  1/2-1/2

[Event "TCh-CHN 2012"]
[Site "Beijing CHN"]
[Date "2012.05.01"]
[Round "4"]
[White "Wang Li"]
[Black "Hou Yifan"]
[Result "1/2-1/2"]
[WhiteElo "2400"]
[BlackElo "2639"]

1.d4 Nf6 2.c4 c5 3.Nf3 cxd4 4.Nxd4 Nc6 5.Nc3 g6 6.e4 d6 7.Be2 Nxd4 8.Qxd4 Bg7
9.Be3 O-O 10.Qd2 a5 11.Rc1 a4 12.f3 Be6 13.O-O Nd7 14.Rc2 Nc5 15.Nd5 b6 16.Rd1 Bd7
17.Kh1 Be5 18.Bf1 e6 19.Nc3 Qh4 20.Bg1 f5 21.exf5 Rxf5 22.Qe1 Qh6 23.Ne4 Bc6
24.Ng3 Rf7 25.Re2 Qg7 26.Red2 Qf8 27.Bd4 Bf4 28.Be3 Rd8 29.Bxf4 Rxf4 30.Qe3 e5
31.b4 axb3 32.axb3 e4 33.b4 exf3 34.bxc5 Re8 35.Qd3 dxc5 36.Qd6 Qxd6 37.Rxd6 fxg2+
38.Bxg2 Bxg2+ 39.Kxg2 Rxc4 40.Rxb6 Rc2+ 41.Kh3 Re7 42.Rc6 Rf7 43.Rd5 Rff2
44.Rcxc5 Rxh2+ 45.Kg4 Rxc5  1/2-1/2

[Event "17th European Club Cup w"]
[Site "Eilat ISR"]
[Date "2012.10.15"]
[Round "5.3"]
[White "Bodnaruk,A"]
[Black "Hou Yifan"]
[Result "1/2-1/2"]
[WhiteElo "2425"]
[BlackElo "2605"]

1.e4 c5 2.Nf3 e6 3.Nc3 a6 4.g3 Nc6 5.Bg2 d6 6.d4 cxd4 7.Nxd4 Bd7 8.O-O Nf6
9.h3 Be7 10.Be3 O-O 11.Nde2 b5 12.a3 Rb8 13.g4 a5 14.Ng3 b4 15.axb4 axb4
16.Nce2 d5 17.g5 Nxe4 18.Nxe4 dxe4 19.Ng3 Ne5 20.Bf4 Rb5 21.Nxe4 Ng6 22.Bg3 Rd5
23.Qc1 Bb5 24.Rd1 Rxd1+ 25.Qxd1 Bxg5 26.Qh5 h6 27.h4 Nxh4 28.Bxh4 Bxh4 29.Qxb5 f5
30.Nc5 Bxf2+ 31.Kxf2 Qd4+ 32.Kf1 Qf4+ 33.Kg1 Qd4+ 34.Kf1 Qf4+ 35.Ke2 Qe5+
36.Kf3 Qd5+ 37.Kf2 Qd4+ 38.Ke1 Qe5+ 39.Kf2 Qd4+  1/2-1/2

[Event "17th European Club Cup w"]
[Site "Eilat ISR"]
[Date "2012.10.16"]
[Round "6.2"]
[White "Hou Yifan"]
[Black "Efroimski,M"]
[Result "1-0"]
[WhiteElo "2605"]
[BlackElo "2162"]

1.e4 c6 2.d4 d5 3.Nc3 dxe4 4.Nxe4 Bf5 5.Ng3 Bg6 6.h4 h6 7.Nf3 Nd7 8.h5 Bh7
9.Bd3 Bxd3 10.Qxd3 e6 11.Bd2 Ngf6 12.O-O-O Be7 13.Kb1 O-O 14.Ne4 Nxe4 15.Qxe4 Nf6
16.Qe2 Qd5 17.Be3 a5 18.Ne5 a4 19.f3 Qa5 20.c4 Qa6 21.g4 a3 22.b3 b5 23.g5 hxg5
24.Qc2 bxc4 25.h6 cxb3 26.axb3 g6 27.Nxg6 Bb4 28.h7+ Kg7 29.Nxf8 a2+ 30.Ka1 Rxf8
31.Bxg5 Nd5 32.Bh6+ Kh8 33.Rdg1  1-0

[Event "17th European Club Cup w"]
[Site "Eilat ISR"]
[Date "2012.10.17"]
[Round "7.4"]
[White "Kovanova,B"]
[Black "Hou Yifan"]
[Result "0-1"]
[WhiteElo "2408"]
[BlackElo "2605"]

1.Nf3 c5 2.c4 Nc6 3.g3 g6 4.Bg2 Bg7 5.O-O d6 6.Nc3 Nh6 7.b3 O-O 8.Bb2 Bd7
9.d3 Rb8 10.Qd2 Nf5 11.e3 a6 12.Ne2 e5 13.d4 cxd4 14.exd4 e4 15.Ne1 Re8 16.Nc2 b5
17.Bc3 bxc4 18.bxc4 Bh6 19.Ne3 a5 20.Nf4 Nh4 21.Bh1 Bxf4 22.gxf4 Qf6 23.Nd5 Qf5
24.Qe3 Nb4 25.Bxb4 axb4 26.Bxe4 Rxe4 27.Qxe4 Qh3 28.Nf6+ Kg7 29.Nxd7 Re8
30.Ne5 dxe5  0-1

[Event "SportAccord Blindfold Women 2012"]
[Site "Beijing CHN"]
[Date "2012.12.19"]
[Round "6.2"]
[White "Zhao Xue"]
[Black "Hou Yifan"]
[Result "0-1"]
[WhiteElo "2565"]
[BlackElo "2606"]

1.c4 e6 2.Nf3 Nf6 3.g3 d5 4.Bg2 Be7 5.O-O O-O 6.b3 c5 7.cxd5 Nxd5 8.Bb2 Nc6
9.Nc3 Nxc3 10.Bxc3 Qc7 11.Qc2 f6 12.Rac1 e5 13.Nh4 f5 14.Nf3 Be6 15.d3 Rad8
16.b4 cxb4 17.Bxe5 Qa5 18.Bb2 Qxa2 19.Ra1 Qb3 20.Qd2 Bf7 21.Ne5 Bd5 22.Nxc6 Bxc6
23.Bxc6 bxc6 24.Rxa7 Rf7 25.Qe3 Bf8 26.Rxf7 Qxf7 27.Be5 Re8 28.Qd4 c5 29.Qb2 Qd5
30.Bf4 Ra8 31.Ra1 Rxa1+ 32.Qxa1 h6 33.Be5 c4 34.dxc4 Qxc4 35.Qb2 b3 36.h4 h5
37.Bc3 Qd5 38.Qc1 Qe4 39.Qb2 Qc2 40.Qxc2 bxc2 41.Bb2 Bb4 42.Bc1 Kf7 43.Kf1 Ke6
44.e3 Kd5 45.Ke2 Kc4 46.f3 Bd6 47.f4 Bb4 48.e4 fxe4 49.Ke3 Kd5 50.Ke2 g6
51.Bb2 Bc3 52.Ba3 Ke6  0-1

[Event "SportAccord Blindfold Women 2012"]
[Site "Beijing CHN"]
[Date "2012.12.19"]
[Round "7.2"]
[White "Hou Yifan"]
[Black "Harika,D"]
[Result "1-0"]
[WhiteElo "2606"]
[BlackElo "2512"]

1.e4 e5 2.Nf3 Nc6 3.Bb5 f5 4.d3 fxe4 5.dxe4 Nf6 6.Qd3 Bc5 7.O-O Nd4 8.Nxd4 Bxd4
9.Nd2 a6 10.Ba4 b5 11.Bb3 Bb7 12.a4 c5 13.axb5 axb5 14.Rxa8 Qxa8 15.Qxb5 Nxe4
16.Nxe4 Bxe4 17.c3 Bxg2 18.cxd4 Bxf1 19.Qxf1 cxd4 20.Qb5 Qa1 21.Qxe5+ Kd8
22.Qg5+ Kc8 23.Qc5+ Kd8 24.Kg2 h6 25.Bf4 Qa8+ 26.Bd5 Qa6 27.Qc7+ Ke7 28.Qe5+ Kd8
29.Qb8+ Qc8 30.Bc7+ Ke7 31.Qb4+  1-0

[Event "Cez Trophy Blitz Playoff 2013"]
[Site "Prague CZE"]
[Date "2013.06.14"]
[Round "1"]
[White "Hou Yifan"]
[Black "Navara,D"]
[Result "1-0"]
[WhiteElo "2595"]
[BlackElo "2707"]

1.e4 c5 2.Nf3 d6 3.d4 cxd4 4.Qxd4 Nf6 5.Nc3 Nc6 6.Bb5 Nd7 7.Bxc6 bxc6 8.e5 Qb6
9.exd6 Qxd4 10.Nxd4 exd6 11.Nxc6 Bb7 12.Na5 Bxg2 13.Rg1 Bh3 14.Bf4 Ne5 15.O-O-O f6
16.Nb5 Kd7 17.Bxe5 fxe5 18.Nxd6 Bxd6 19.Nc4 Ke7 20.Rxd6  1-0

[Event "Cez Trophy Blitz Playoff 2013"]
[Site "Prague CZE"]
[Date "2013.06.14"]
[Round "2"]
[White "Navara,D"]
[Black "Hou Yifan"]
[Result "1-0"]
[WhiteElo "2707"]
[BlackElo "2595"]

1.e4 c5 2.Nf3 d6 3.d4 cxd4 4.Nxd4 Nf6 5.Nc3 g6 6.Be3 Bg7 7.f3 Nc6 8.Qd2 O-O
9.O-O-O d5 10.Qe1 Be6 11.h4 Qa5 12.Nb3 Qd8 13.h5 Rc8 14.hxg6 fxg6 15.exd5 Nxd5
16.Qh4 Rf7 17.Qxh7+ Kf8 18.Bh6 Ncb4 19.Qh8+  1-0

[Event "Cez Trophy Blitz Playoff 2013"]
[Site "Prague CZE"]
[Date "2013.06.14"]
[Round "3"]
[White "Navara,D"]
[Black "Hou Yifan"]
[Result "0-1"]
[WhiteElo "2707"]
[BlackElo "2595"]

1.e4 e6 2.d4 d5 3.Nc3 Bb4 4.e5 c5 5.Bd2 Ne7 6.a3 Bxc3 7.Bxc3 cxd4 8.Bxd4 O-O
9.f4 b6 10.Nf3 Ba6 11.Bd3 Bxd3 12.cxd3 Nbc6 13.O-O Qd7 14.Bf2 Rac8 15.Qa4 Nxe5
16.Qxd7 Nxd7 17.Rac1 Rxc1 18.Rxc1 Rc8 19.Rxc8+ Nxc8 20.Nd4 Nc5 21.f5 e5  0-1

[Event "Cez Trophy 2013"]
[Site "Prague CZE"]
[Date "2013.06.14"]
[Round "4"]
[White "Navara,D"]
[Black "Hou Yifan"]
[Result "1/2-1/2"]
[WhiteElo "2707"]
[BlackElo "2595"]

1.e4 c5 2.Nf3 d6 3.d4 cxd4 4.Nxd4 Nf6 5.Nc3 e6 6.Be3 a6 7.Be2 Qc7 8.a4 b6
9.f4 Bb7 10.Bf3 Nbd7 11.Qe2 e5 12.O-O-O Rc8 13.Rhe1 h5 14.fxe5 dxe5 15.Nd5 Qc4
16.b3 Qxe2 17.Nxf6+ Nxf6 18.Nxe2 Ba3+ 19.Kb1 Nxe4 20.Bxb6 Bb4 21.Rg1 g5 22.Kb2 g4
23.Bxe4 Bxe4 24.c3 Rh6 25.a5 Rd6 26.Rxd6 Bxd6 27.c4 Ke7 28.Kc3 Ke6 29.b4 f5
30.c5 Be7 31.Re1 h4 32.g3 hxg3 33.hxg3 Kf6 34.Kc4 Bb7 35.b5 axb5+ 36.Kxb5 Bc6+
37.Kc4 Rh8 38.a6 Rh2 39.a7 Kf7 40.Nc1 Rc2+ 41.Kb4 Bf6 42.Nb3 e4 43.Na5 Ba8
44.c6 Bc3+ 45.Kb3 Bxe1 46.Kxc2 Ke7 47.Nc4 Bxc6 48.Ne3 Ke6 49.Bc7 Bb4 50.Bb8 Bc5
51.Kd2 Bxe3+  1/2-1/2

[Event "4th AIMAG Women"]
[Site "Incheon KOR"]
[Date "2013.06.30"]
[Round "1.1"]
[White "Hou Yifan"]
[Black "Bayarmaa,B"]
[Result "1-0"]
[WhiteElo "2595"]
[BlackElo "2055"]

1.e4 c5 2.Nc3 e6 3.Nf3 Nf6 4.d4 cxd4 5.Nxd4 a6 6.e5 Ng8 7.Bd3 d6 8.exd6 Bxd6
9.Ne4 Nf6 10.Nxd6+ Qxd6 11.O-O O-O 12.Re1 Rd8 13.Nf3 h6 14.Ne5 Nc6 15.Bf4 Nd5
16.Qh5 Qf8 17.Bg3 Nxe5 18.Qxe5 Nb4 19.Be4 f5 20.a3 Nd5 21.Bd3 Qf6 22.f3 Bd7
23.c4 Qxe5 24.Bxe5 Ne7 25.Rad1 Ba4 26.Rd2 Rac8 27.Bc3 Kf7 28.Ba5 Rd7 29.b3 Bc6
30.a4 g5 31.Kf2 Ng6 32.g3 Re8 33.Re3 Kf6 34.Bc2 Rxd2+ 35.Bxd2 e5 36.b4 Rc8
37.Bc3 Bd7 38.c5 a5 39.f4 axb4 40.fxe5+ Ke7 41.Bxb4 Bc6 42.Re1 Ke6 43.Rd1 Nxe5
44.Rd6+ Ke7 45.Bxf5 Re8 46.Rxh6 Kf7 47.Bd2 Kg7 48.Rh5 Bf3 49.Rxg5+ Kf6 50.Bc2 Bc6
51.h4 Ke6 52.Bf4 Nf3 53.Rg6+ Kd5 54.Kxf3 Kxc5+ 55.Kf2 Ra8 56.h5  1-0

[Event "4th AIMAG Women"]
[Site "Incheon KOR"]
[Date "2013.07.01"]
[Round "2.1"]
[White "Bhakti,K"]
[Black "Hou Yifan"]
[Result "0-1"]
[WhiteElo "2246"]
[BlackElo "2595"]

1.d4 Nf6 2.c4 e6 3.Nc3 Bb4 4.e3 O-O 5.Ne2 d5 6.a3 Be7 7.cxd5 exd5 8.g3 c6
9.Bg2 Na6 10.O-O Nc7 11.Nf4 Re8 12.f3 c5 13.Qc2 Ne6 14.Nfe2 Bd7 15.Rd1 Rc8
16.Bd2 a5 17.Be1 b5 18.Qd2 b4 19.axb4 axb4 20.Na2 Bb5 21.Bf2 h6 22.dxc5 Bxc5
23.Nac1 Bc4 24.b3 Bb5 25.Nd3 Bd6 26.Rdc1 Rxc1+ 27.Rxc1 Qa5 28.Ndf4 Nxf4 29.gxf4 Bxe2
30.Qxe2 Bxf4 31.Qd2 Be5 32.Bh3 Bc3 33.Qc2 Qa8 34.Rd1 g6 35.Qb1 Kg7 36.Qc2 Re7
37.Bg2 Ra7 38.e4 Ra2 39.Qd3 dxe4 40.fxe4 Qa3 41.Rb1 Qa5 42.Bh4 Ng4 43.Qf3 Qa7+
44.Kh1 Nf2+ 45.Bxf2 Rxf2 46.Qg3 Qa2 47.Rg1 Rb2 48.e5 Qxb3  0-1

[Event "4th AIMAG Women"]
[Site "Incheon KOR"]
[Date "2013.07.02"]
[Round "4.1"]
[White "Pham Le Thao Nguyen"]
[Black "Hou Yifan"]
[Result "0-1"]
[WhiteElo "2397"]
[BlackElo "2595"]

1.Nf3 c5 2.g3 Nc6 3.Bg2 g6 4.O-O Bg7 5.d3 d6 6.Nbd2 Nf6 7.e4 O-O 8.Re1 Nd7
9.a4 Rb8 10.Nc4 b6 11.Be3 Ba6 12.Nfd2 Bb7 13.Qc1 Nf6 14.Nf3 Nb4 15.Bf4 Rc8
16.e5 dxe5 17.Bxe5 Nc6 18.Bc3 Rc7 19.Bd2 Qa8 20.Be3 Nd4 21.Bxd4 cxd4 22.Nh4 Rfc8
23.Bxb7 Qxb7 24.Qf4 Nd5 25.Qe4 a6 26.Nf3 Nb4 27.Qxb7 Rxb7 28.Re2 b5 29.axb5 axb5
30.Na3 e6 31.Kg2 h5 32.h3 Rc5 33.Nd2 e5 34.Ne4 Rc6 35.Rd1 Nd5 36.h4 Bf8 37.Nb1 Ra7
38.c3 Ra2 39.cxd4 exd4 40.Kf3 Nb6 41.b3 Ra8 42.Nbd2 Nd5 43.Ree1 Bb4 44.Ra1 Rxa1
45.Rxa1 f5 46.Ra8+ Kg7 47.Rd8 fxe4+ 48.Nxe4 Nb6 49.Rxd4 Be7 50.Kf4 Kf7 51.f3 Rc2
52.g4 hxg4 53.fxg4 Bxh4 54.Rd6 Nc8 55.Rd7+ Be7 56.Rb7 b4 57.Ke5 Ra2 58.d4 Re2
59.Rd7 Nd6  0-1

[Event "4th AIMAG Women"]
[Site "Incheon KOR"]
[Date "2013.07.02"]
[Round "5.1"]
[White "Zhao Xue"]
[Black "Hou Yifan"]
[Result "1/2-1/2"]
[WhiteElo "2565"]
[BlackElo "2595"]

1.d4 Nf6 2.c4 e6 3.Nc3 Bb4 4.Qc2 d5 5.cxd5 exd5 6.Bg5 c5 7.dxc5 h6 8.Bh4 g5
9.Bg3 Ne4 10.e3 Qa5 11.Rc1 Qxa2 12.Bb5+ Bd7 13.Bxd7+ Nxd7 14.Ne2 Nxc3 15.Nxc3 Qc4
16.Bd6 Nxc5 17.Bxc5 Qxc5 18.O-O Bxc3 19.Qa4+ Qc6 20.Qa3 Qa6 21.Qxa6 bxa6
22.Rxc3  1/2-1/2

[Event "4th AIMAG Women"]
[Site "Incheon KOR"]
[Date "2013.07.03"]
[Round "6.1"]
[White "Hou Yifan"]
[Black "Muminova,N"]
[Result "1-0"]
[WhiteElo "2595"]
[BlackElo "2321"]

1.e4 e5 2.Nf3 Nc6 3.Bb5 a6 4.Ba4 Nf6 5.d3 b5 6.Bb3 Bc5 7.c3 O-O 8.O-O h6
9.Be3 Ba7 10.a4 bxa4 11.Bxa4 Re8 12.Nbd2 Bb7 13.Nc4 d6 14.Na5 Nxa5 15.Bxe8 Bxe3
16.fxe3 Nc4 17.Qb3 Qxe8 18.Qxc4 Qe7 19.Nh4 d5 20.exd5 Bxd5 21.Nf5 Qd7 22.Qh4 Be6
23.Nxg7  1-0

[Event "3rd Chinese Master Rapid Men"]
[Site "Shenzhen CHN"]
[Date "2013.07.30"]
[Round "3.2"]
[White "Zhou Jianchao"]
[Black "Hou Yifan"]
[Result "1-0"]
[WhiteElo "2572"]
[BlackElo "2600"]

1.c4 Nf6 2.Nf3 e6 3.g3 b6 4.Bg2 Bb7 5.O-O c5 6.Nc3 Be7 7.Re1 O-O 8.e4 d6
9.d4 cxd4 10.Nxd4 Qc8 11.Be3 a6 12.Rc1 Re8 13.b3 Bf8 14.h3 Nbd7 15.f4 Nc5
16.Qc2 h5 17.Kh2 e5 18.fxe5 dxe5 19.Nde2 a5 20.Rf1 Nfd7 21.Nb5 Bc6 22.Nec3 Qb7
23.Rcd1 Rad8 24.Nd5 Ne6 25.Qf2 f6 26.Bf3 g6 27.h4 Bxd5 28.cxd5 Nc7 29.Nxc7 Qxc7
30.g4 hxg4 31.Bxg4 Bc5 32.Be6+ Kh7 33.Bxd7 Bxe3 34.Qxe3 Qxd7 35.Rxf6 Qg4
36.Rg1 Qxh4+ 37.Qh3 Qxh3+ 38.Kxh3 Rg8 39.Rxb6 Rc8 40.Re6 Rc2 41.Rg2 Rgc8
42.Rexg6 Rxa2 43.Rg7+ Kh6 44.Rxa2 Kxg7 45.Rxa5 Rf8 46.d6 Kf6 47.d7 Ke7 48.Rd5 Kd8
49.Kg3 Rf1 50.b4 Re1 51.Kf3 Rf1+ 52.Kg3 Re1 53.Rxe5 Kxd7 54.b5 Kd6 55.Rd5+ Ke6
56.Kf4 Rb1 57.Rh5 Rf1+ 58.Ke3 Rd1 59.b6 Rb1 60.Kd4 Kd7 61.Kc5 Kc8 62.Kc6 Rc1+
63.Rc5 Rh1 64.e5 Rh6+ 65.e6  1-0

[Event "3rd Chinese Master Rapid Men"]
[Site "Shenzhen CHN"]
[Date "2013.08.01"]
[Round "6.2"]
[White "Hou Yifan"]
[Black "Yu Yangyi"]
[Result "1/2-1/2"]
[WhiteElo "2600"]
[BlackElo "2657"]

1.e4 c5 2.Nf3 d6 3.d4 cxd4 4.Nxd4 Nf6 5.Nc3 a6 6.a4 g6 7.Be2 Bg7 8.Be3 Nbd7
9.O-O O-O 10.a5 Qc7 11.Nd5 Qd8 12.f3 e5 13.Nb3 Nxd5 14.Qxd5 Nf6 15.Qd2 d5
16.exd5 Nxd5 17.Bc5 Re8 18.Rfd1 Be6 19.Bc4 Nf4 20.Bxe6 Nxe6 21.Qxd8 Raxd8
22.Bb6 Rxd1+ 23.Rxd1 e4 24.c3 exf3 25.gxf3 Bf6 26.Kf1 Kg7 27.Nd2 Ng5 28.Kf2 h5
29.Nc4 h4 30.f4 Nh3+ 31.Kf3 g5 32.Nd6 Re6 33.f5 Re7 34.Ne4 g4+ 35.Kxg4 Rxe4+
36.Kxh3 Re2 37.Rg1+ Kh6 38.Rg2 Rxg2 39.Kxg2 Kg5 40.Kf3 Kxf5 41.h3 Be7 42.Bf2 Ke5
43.Bd4+ Kf5 44.Bf2 Bd8 45.c4 Ke5 46.b3 f5 47.Be1 Bg5 48.Bc3+ Ke6 49.Be1 Bd8
50.Kf4 Bc7+ 51.Kf3 Bd8 52.Kf4 Bc7+  1/2-1/2